| 000 | 00877nam a2200277Ia 4500 | ||
|---|---|---|---|
| 003 | OSt | ||
| 005 | 20221005082538.0 | ||
| 006 | a|||||r|||| 00| 0 | ||
| 007 | ta | ||
| 008 | 221004b |||||||| |||| 00| 0 eng d | ||
| 020 |
_a9789383575381 (hb) _cINR 2500.00 |
||
| 024 | _a28935 | ||
| 037 |
_b3031, 10/03/2017, The Book Seller _cTextual |
||
| 040 |
_aCRL _cCRL _beng |
||
| 041 |
_2eng _aeng |
||
| 082 | _aY:45.2, Q7 | ||
| 100 |
_aKushwaha Jimmy Singh _9611963 |
||
| 245 | 0 | _aCross border terrorism in India by Jimmy Singh Kushwaha and Rupali Rathore | |
| 260 |
_aNew Delhi _bSSDN Pub India _c2017 |
||
| 300 |
_av,256p. _ccm. |
||
| 650 | _a TERRORISM | ||
| 650 | _aSOCIOLOGY | ||
| 700 |
_a Rathore Rupali _9611964 |
||
| 942 |
_hY:45.2, Q7 _cTEXL _2cc |
||
| 999 |
_c989485 _d989485 |
||